Stereoselektívne syntézy indolizidíndiolov

Salvato in:
Dettagli Bibliografici
Autore principale: Šomodík, Matej
Natura: Libro
Lingua:slovacco
Pubblicazione: Bratislava STU FCHPT 2010
Accesso online:Visualizza in OPAC
Tags: Aggiungi Tag
Nessun Tag, puoi essere il primo ad aggiungerne!!

MARC

LEADER 00000nam a2200000 a 4500
005 20260127133929.0
008 101015 2010 xo 000 0 slo d
035 |a vtls010179290 
039 9 |y 201010150901  |z mschk03 
040 |a STUSCHK1  |b slo  |c STUSCHK1  |e AACR2 
100 1 |a Šomodík, Matej 
245 1 |a Stereoselektívne syntézy indolizidíndiolov  |c Matej Šomodík 
260 |a Bratislava  |b STU FCHPT  |c 2010 
300 |a 29 s.  |b il.  |c 30 cm 
500 |a Obháj.: 13.7. 2010 
500 |a Študijný program: chémia a medicínska chémia 
500 |a Študijný odbor: 4.1.14 chémia 
500 |a Bakalárska práca 
500 |a FCHPT, Oddelenie organickej chémie 
500 |a Evidenčné číslo: 5427-50135 
910 |a SCHK95 
999 |c 272  |d 272